书目信息 |
| 题名: |
房屋基础结构设计手册
|
|
| 作者: | 曾昭豪 编 | |
| 分册: | ||
| 出版信息: | 武汉 中国建材工业出版社 1997.12 |
|
| 页数: | 679页 | |
| 开本: | 16开 | |
| 丛书名: | ||
| 单 册: | ||
| 中图分类: | TU222-62 | |
| 科图分类: | ||
| 主题词: | 建筑构造--结构设计 | |
| 电子资源: | ||
| ISBN: | 7-80090-633-7 | |
| 000 | 00585nam0 2200193 45 | |
| 001 | 0007172249 | |
| 005 | 20001009162028.3 | |
| 010 | @a7-80090-633-7@d78.00元 | |
| 100 | @a20000717d1997 km y0chiy0120 ea | |
| 101 | 0 | @achi |
| 105 | @a z 000yy | |
| 200 | 1 | @a房屋基础结构设计手册@AFang Wu Ji Chu Jie Gou She Ji Shou Ce@f曾昭豪等编@FCeng Zhao Hao Deng Bian |
| 210 | @a武汉@c中国建材工业出版社@d1997.12 | |
| 215 | @a679页@d16开 | |
| 606 | 0 | @a建筑构造@x结构设计 |
| 690 | @aTU222-62@v3 | |
| 701 | 0 | @a曾昭豪@4编 |
| 801 | @aCN@bPftUser@c20000717 | |
| 905 | @dTU222-62@eC311@b173582-584@f3 | |
| 房屋基础结构设计手册/曾昭豪等编.-武汉:中国建材工业出版社,1997.12 |
| 679页;16开 |
| ISBN 7-80090-633-7:78.00元 |
| ● |
| 相关链接 |
|
|
|
正题名:房屋基础结构设计手册
索取号:TU222-62/C311
 
预约/预借
| 序号 | 登录号 | 条形码 | 馆藏地/架位号 | 状态 | 备注 |
| 1 | 173582 | 201735827 | 土木与交通工程学院资料室/ [索取号:TU222-62/C311] | 在馆 | |
| 2 | 173583 | 201735836 | 自科二线404/404自科库 26排6列5层/ [索取号:TU222-62/C311] | 在馆 | |
| 3 | 173584 | 201735845 | 建筑库101/101建筑库 47排2列3层/ [索取号:TU222-62/C311] | 在馆 |